| 000 | 00564nam a2200217Ia 4500 | ||
|---|---|---|---|
| 008 | 170203s9999 xx 000 0 und d | ||
| 020 | _a9780330479516 | ||
| 050 | _aFIc | ||
| 050 | _bV7689g | ||
| 100 | _aVincent, Bruno. | ||
| 245 | _aGrisly tales from Tumble-water / | ||
| 245 | _cBruno Vincent ; illustrated by Jo Coates. | ||
| 260 | _aLondon : | ||
| 260 | _bMacmillan Children's Books, | ||
| 260 | _c2010 | ||
| 300 | _a293 pages : | ||
| 300 | _billustrations ; | ||
| 300 | _c20 cm | ||
| 650 | _aChildren's stories. | ||
| 650 | _aHorror tales. | ||
| 999 |
_c306416 _d306416 |
||